Southville International School and Colleges
Your cart is empty.
  • Cart
  • Lists
    Public lists Eva Luna New books Lux_list list_1
    Your lists Log in to create your own lists
  • Log in to your account
  • Your cookies
  • Search history
Southville International School and Colleges
  • Advanced search
  • Recent comments
  • Most popular
  • Libraries

Log in to your account

Log in with GOOGLE


If you do not have an external account, but do have a local account, you can still log in:

  1. Home
  2. MARC view: Barron's ACT English, reading, and writing workbook /
Normal view MARC view ISBD view

Barron's ACT English, reading, and writing workbook / (Record no. 15444)

[ view plain ]
MARC details
000 -LEADER
fixed length control field 01222cam a22003374a 4500
001 - CONTROL NUMBER
control field 15337794
003 - CONTROL NUMBER IDENTIFIER
control field OSt
005 - DATE AND TIME OF LATEST TRANSACTION
control field 20140310182730.0
008 - FIXED-LENGTH DATA ELEMENTS--GENERAL INFORMATION
fixed length control field 080620s2008 nyu 001 0 eng
010 ## - LIBRARY OF CONGRESS CONTROL NUMBER
LC control number 2008027059
020 ## - INTERNATIONAL STANDARD BOOK NUMBER
International Standard Book Number 9780764139826 (alk. paper)
020 ## - INTERNATIONAL STANDARD BOOK NUMBER
International Standard Book Number 0764139827 (alk. paper)
040 ## - CATALOGING SOURCE
Original cataloging agency DLC
Transcribing agency DLC
Modifying agency DLC
050 00 - LIBRARY OF CONGRESS CALL NUMBER
Classification number LB 2353.48
Item number .C37 2008
100 1# - MAIN ENTRY--PERSONAL NAME
Personal name Carnevale, Linda.
245 10 - TITLE STATEMENT
Title Barron's ACT English, reading, and writing workbook /
Statement of responsibility, etc Linda Carnevale.
246 30 - VARYING FORM OF TITLE
Title proper/short title ACT English, reading, and writing workbook
260 ## - PUBLICATION, DISTRIBUTION, ETC. (IMPRINT)
Place of publication, distribution, etc Hauppauge, N.Y. :
Name of publisher, distributor, etc Barron's Educational Series,
Date of publication, distribution, etc 2008.
300 ## - PHYSICAL DESCRIPTION
Extent 260 p. ;
Dimensions 28 cm.
500 ## - GENERAL NOTE
General note Includes index.
521 ## - TARGET AUDIENCE NOTE
Target audience note
650 #0 - SUBJECT ADDED ENTRY--TOPICAL TERM
Topical term or geographic name as entry element ACT Assessment
Form subdivision Study guides.
650 #0 - SUBJECT ADDED ENTRY--TOPICAL TERM
Topical term or geographic name as entry element English language
General subdivision Examinations
Form subdivision Study guides.
650 #0 - SUBJECT ADDED ENTRY--TOPICAL TERM
Topical term or geographic name as entry element Language arts
General subdivision Examinations
Form subdivision Study guides.
710 2# - ADDED ENTRY--CORPORATE NAME
Corporate name or jurisdiction name as entry element Barron's Educational Series, Inc.
856 41 - ELECTRONIC LOCATION AND ACCESS
Materials specified Table of contents only
Uniform Resource Identifier <a href="http://www.loc.gov/catdir/toc/ecip0821/2008027059.html">http://www.loc.gov/catdir/toc/ecip0821/2008027059.html</a>
906 ## - LOCAL DATA ELEMENT F, LDF (RLIN)
a 7
b cbc
c orignew
d 1
e ecip
f 20
g y-gencatlg
942 ## - ADDED ENTRY ELEMENTS (KOHA)
Source of classification or shelving scheme Library of Congress Classification
Koha item type Books
Call number prefix Foreign
Holdings
Withdrawn status Lost status Source of classification or shelving scheme Damaged status Home library Current library Shelving location Date acquired Source of acquisition Cost, normal purchase price Total Checkouts Full call number Barcode Date last seen Copy number Price effective from Koha item type
    Library of Congress Classification   College Library College Library General Circulation Section 10/13/2011   755.00   LB 2353.48 .C37 2008 C13081 05/15/2018 1 10/18/2013 Books

Barron's ACT English, reading, and writing workbook /

APA

Carnevale L., Barron's Educational Series I., . (2008). Barron's ACT English, reading, and writing workbook. Hauppauge, N.Y: Barron's Educational Series.

Chicago

Carnevale Linda, Barron's Educational Series Inc, . 2008. Barron's ACT English, reading, and writing workbook. Hauppauge, N.Y: Barron's Educational Series.

Harvard

Carnevale L., Barron's Educational Series I., . (2008). Barron's ACT English, reading, and writing workbook. Hauppauge, N.Y: Barron's Educational Series.

MLA

Carnevale Linda, Barron's Educational Series Inc, . Barron's ACT English, reading, and writing workbook. Hauppauge, N.Y: Barron's Educational Series. 2008.

  • Place hold
  • Print
  • Cite
  • Add to your cart (remove)
  • Save record
    BIBTEX Dublin Core MARCXML MARC (non-Unicode/MARC-8) MARC (Unicode/UTF-8) MARC (Unicode/UTF-8, Standard) MODS (XML) RIS
  • More searches
    Search for this title in:
    Other Libraries (WorldCat) Other Databases (Google Scholar) Online Stores (Bookfinder.com) Open Library (openlibrary.org)

Exporting to Dublin Core...

SOUTHVILLE LIBRARY

Southville International School and Colleges Library

1281 Tropical Ave. Cor. Luxembourg St., BF Homes International, Las Pinas City

Tel. No. 8256374 / 252358 Loc. 117/146

Powered by Koha